<?xml version="1.0" encoding="UTF-8"?><?xml-stylesheet type="text/xsl" href="static/style.xsl"?><OAI-PMH xmlns="http://www.openarchives.org/OAI/2.0/" xmlns:xsi="http://www.w3.org/2001/XMLSchema-instance" xsi:schemaLocation="http://www.openarchives.org/OAI/2.0/ http://www.openarchives.org/OAI/2.0/OAI-PMH.xsd"><responseDate>2026-06-01T02:17:44Z</responseDate><request verb="GetRecord" identifier="oai:riuma.uma.es:10630/29933" metadataPrefix="marc">https://riuma.uma.es/rest/oai/request</request><GetRecord><record><header><identifier>oai:riuma.uma.es:10630/29933</identifier><datestamp>2026-02-03T10:59:21Z</datestamp><setSpec>com_10630_2254</setSpec><setSpec>col_10630_37953</setSpec></header><metadata><record xmlns="http://www.loc.gov/MARC21/slim" xmlns:dcterms="http://purl.org/dc/terms/" xmlns:doc="http://www.lyncode.com/xoai" xmlns:xsi="http://www.w3.org/2001/XMLSchema-instance" xsi:schemaLocation="http://www.loc.gov/MARC21/slim http://www.loc.gov/standards/marcxml/schema/MARC21slim.xsd">
   <leader>00925njm 22002777a 4500</leader>
   <datafield ind2=" " ind1=" " tag="042">
      <subfield code="a">dc</subfield>
   </datafield>
   <datafield ind2=" " ind1=" " tag="720">
      <subfield code="a">Muñoz, Antonio Román</subfield>
      <subfield code="e">author</subfield>
   </datafield>
   <datafield ind2=" " ind1=" " tag="720">
      <subfield code="a">Toxopeus, Bert</subfield>
      <subfield code="e">author</subfield>
   </datafield>
   <datafield ind2=" " ind1=" " tag="720">
      <subfield code="a">Elorriaga, Javier</subfield>
      <subfield code="e">author</subfield>
   </datafield>
   <datafield ind2=" " ind1=" " tag="720">
      <subfield code="a">González, Juan Miguel</subfield>
      <subfield code="e">author</subfield>
   </datafield>
   <datafield ind2=" " ind1=" " tag="720">
      <subfield code="a">Yáñez, Beatriz</subfield>
      <subfield code="e">author</subfield>
   </datafield>
   <datafield ind2=" " ind1=" " tag="260">
      <subfield code="c">2010</subfield>
   </datafield>
   <datafield ind2=" " ind1=" " tag="520">
      <subfield code="a">Communal roosting and its adaptive function for birds have been widely studied. Both juveniles and adults of social bird species normally concentrate in communal roosts, and the protection of these sites may be of conservation importance. The Short-toed Eagle Circaetus gallicus is a migratory, medium-sized tree-nesting raptor whose breeding range in the Western Palaearctic extends from northwest Africa and Iberia through central and southern France, extending northeastward through eastern Poland and the Baltic States and into the Middle East. Communal roosts of Short-toed Eagles have not been reported either in the African winter quarters or during migration. This is the first description of a communal roost of Short-toed Eagles, and suggests that communal roosting might occur even in comparatively solitary species.</subfield>
   </datafield>
   <datafield ind1="8" ind2=" " tag="024">
      <subfield code="a">MUÑOZ, A.R., TOXOPEUS, B., ELORRIAGA, J., GONZÁLEZ, J.M. &amp; YÁÑEZ, B. 2010. First Record of a comunal roost of Short-toed Eagles Circaetus gallicus during migration at the Strait of Gibraltar. Ibis 152: 173-175.</subfield>
   </datafield>
   <datafield ind1="8" ind2=" " tag="024">
      <subfield code="a">https://hdl.handle.net/10630/29933</subfield>
   </datafield>
   <datafield ind1="8" ind2=" " tag="024">
      <subfield code="a">https://doi.org/10.1111/j.1474-919X.2009.00974.x</subfield>
   </datafield>
   <datafield tag="653" ind2=" " ind1=" ">
      <subfield code="a">Águilas culebreras</subfield>
   </datafield>
   <datafield ind2="0" ind1="0" tag="245">
      <subfield code="a">First Record of a comunal roost of Short-toed Eagles Circaetus gallicus during migration at the Strait of Gibraltar</subfield>
   </datafield>
</record>
</metadata></record></GetRecord></OAI-PMH>